[Event "Toronto op"]
[Site "Toronto"]
[Date "1998.05.18"]
[Round "8"]
[White "Friedman, Aviv"]
[Black "Cummings, David H"]
[Result "0-1"]
[WhiteElo "2360"]
[BlackElo "2365"]

1.e4 c5 2.Nf3 e6 3.d4 cxd4 4.Nxd4 Nc6 5.Nc3 Qc7 6.Be2 a6 7.O-O Nf6 8.Be3 Bb4
9.Na4 Be7 10.Nxc6 bxc6 11.Nb6 Rb8 12.Nxc8 Qxc8 13.e5 Nd5 14.Bc1 Bc5 15.c4 Ne7
16.b3 Qc7 17.Bb2 d6 18.exd6 Bxd6 19.g3 Be5 20.Qc2 O-O 21.Rad1 Bxb2 22.Qxb2 c5
23.Bd3 Nc6 24.f4 Nd4 25.f5 exf5 26.Bxf5 Rbe8 27.Bd3 Qe5 28.Qf2 a5 29.Kg2 Qe6
30.Rde1 Qc6+ 31.Kh3 Rxe1 32.Rxe1 Nf3 33.Re3 Ng5+ 34.Kg4 f5+ 35.Bxf5 g6 36.Re5 Qf6
37.Qxc5 gxf5+ 38.Rxf5 h5+  0-1

[Event "Villa Martelli"]
[Site "Villa Martelli"]
[Date "1998.05.20"]
[Round "2"]
[White "Ginzburg, Maximiliano"]
[Black "Milos, Gilberto"]
[Result "0-1"]
[WhiteElo "2470"]
[BlackElo "2555"]

1.e4 c5 2.Nf3 e6 3.d4 cxd4 4.Nxd4 Nc6 5.Nc3 Qc7 6.g3 a6 7.Bg2 Nf6 8.O-O d6
9.Re1 Rb8 10.a4 Be7 11.h3 O-O 12.g4 Re8 13.g5 Nd7 14.Nce2 Bf8 15.c3 b6 16.Ng3 Bb7
17.Nc2 Nc5 18.Ne3 b5 19.axb5 axb5 20.Ng4 Ne5 21.Nh5 Nxg4 22.Qxg4 Ra8 23.Rb1 Nd3
24.Rd1 Ne5 25.Qg3 Ra4 26.Re1 Rea8 27.f4 Nd7 28.f5 Re8 29.fxe6 Rxe6 30.Nf4 d5
31.Qf2 Rexe4 32.Bxe4 dxe4 33.Rf1 Ne5 34.Be3 Nf3+ 35.Kh1 Nxg5 36.Rbd1 Nf3
37.Qg2 Ra6 38.Nd5 Qc8 39.Qg4 f5 40.Qf4 Rh6 41.Kg2 Qe6 42.Nc7 Qc4 43.Kf2 Be7
44.Ne8 Bh4+ 45.Kg2 Qe2+ 46.Kh1 Bg5 47.Qg3 f4 48.Rfe1 Qxd1 49.Rxd1 fxg3 50.Bxg5 Nxg5
51.Kg2 e3+ 52.Kxg3 e2 53.Re1 Re6 54.Nc7 Re7  0-1

[Event "Villa Martelli"]
[Site "Villa Martelli"]
[Date "1998.05.23"]
[Round "5"]
[White "Zarnicki, Pablo"]
[Black "Vescovi, Giovanni"]
[Result "1/2-1/2"]
[WhiteElo "2515"]
[BlackElo "2480"]

1.e4 c5 2.Nf3 e6 3.d4 cxd4 4.Nxd4 Nc6 5.Nc3 Qc7 6.Be3 Nf6 7.Bd3 a6 8.O-O Ne5
9.h3 Bc5 10.Kh1 d6 11.f4 Ng6 12.Qf3 Bd7 13.f5 Ne5 14.Qg3 O-O 15.Nce2 Qb6
16.Rab1 a5 17.Bg5 Nh5 18.Qh4 Bxd4 19.Qxh5 f6 20.Bd2 Be3 21.Bc3 Nxd3 22.cxd3 e5
23.Qf3  1/2-1/2

[Event "Warsaw-ch"]
[Site "Warsaw"]
[Date "1998.05.24"]
[Round "2"]
[White "Olejarczyk, Bogdan"]
[Black "Maciejewski, Miroslaw"]
[Result "0-1"]
[WhiteElo "2170"]
[BlackElo "2310"]

1.e4 c5 2.Nf3 e6 3.d4 cxd4 4.Nxd4 Nc6 5.Nc3 Qc7 6.Be2 a6 7.O-O Nf6 8.Nxc6 bxc6
9.f4 Rb8 10.Kh1 d5 11.f5 Bd6 12.fxe6 Bxe6 13.exd5 Nxd5 14.Nxd5 Bxd5 15.Bf3 O-O
16.Bxd5 cxd5 17.h3 d4 18.Qxd4 Be5 19.Qa4 Rfc8 20.Bf4 Bxf4 21.Rxf4 Rxb2 22.Qe4 Rxc2
23.Raf1 Rc1 24.Rxc1 Qxc1+ 25.Kh2 Qc7 26.Kh1 g6 27.Qe2 Qxf4  0-1

[Event "Szeged TT05 IM"]
[Site "Szeged"]
[Date "1998.05.25"]
[Round "5"]
[White "Papp, Laszlo"]
[Black "Dovzik, Juri"]
[Result "0-1"]
[WhiteElo "2225"]
[BlackElo "2375"]

1.e4 c5 2.Nf3 e6 3.d4 cxd4 4.Nxd4 Nc6 5.Nc3 Qc7 6.g3 a6 7.Bg2 Nf6 8.O-O Be7
9.Kh1 O-O 10.f4 d6 11.Be3 Bd7 12.Qe2 Rac8 13.Rad1 b5 14.Nxc6 Bxc6 15.a3 Qb7
16.Bd4 a5 17.e5 dxe5 18.fxe5 Nd5 19.Ne4 b4 20.axb4 Bb5 21.Qg4 Bxf1 22.Rxf1 Rxc2
23.bxa5 Qb4 24.Bc3 Nxc3 25.bxc3 Qxa5 26.Nf6+ Bxf6 27.exf6 g6 28.Qf4 Kh8 29.Qh6 Rg8
30.Be4 Rxc3 31.g4 Qe5 32.Bg2 Qe3 33.Qh4 Rc1 34.h3 Qf4  0-1

[Event "ISR Big Prize 30'"]
[Site "Tel Aviv"]
[Date "1998.05.26"]
[Round "1.2"]
[White "Liss, Eran"]
[Black "Rechlis, Gad"]
[Result "0-1"]
[WhiteElo "2540"]
[BlackElo "2520"]

1.e4 c5 2.Nf3 e6 3.d4 cxd4 4.Nxd4 Nc6 5.Nc3 Qc7 6.Be2 a6 7.O-O b5 8.Re1 Bd6
9.g3 Nxd4 10.Qxd4 Nf6 11.Bf3 Bb7 12.Qd3 Be5 13.Be3 Rc8 14.Bd4 d6 15.a3 h5
16.Rad1 h4 17.Bg2 hxg3 18.hxg3 Ke7 19.Rd2 g5 20.Red1 g4 21.Qe3 Rh5 22.Bb6 Qc4
23.Ba5 Rch8 24.Qa7 Qc6 25.Rxd6 Bxd6 26.Rxd6  0-1

[Event "Garcia mem Masters"]
[Site "Santa Clara"]
[Date "1998.05.28"]
[Round "4"]
[White "Gongora, Maikel"]
[Black "Teran Alvarez, Ismael"]
[Result "1/2-1/2"]
[WhiteElo "2340"]
[BlackElo "2375"]

1.e4 c5 2.Nf3 e6 3.d4 cxd4 4.Nxd4 Nc6 5.Nc3 Qc7 6.Be2 a6 7.O-O Nf6 8.Kh1 Nxd4
9.Qxd4 Bc5 10.Qd3 b5 11.a3 Bb7 12.f4 O-O 13.Bf3 Rac8 14.Be3 d5 15.exd5 Rfd8
16.Bxc5 Qxc5 17.Rad1 Nxd5 18.Nxd5 Bxd5 19.c3 g6 20.Rd2 Kg7 21.Bxd5 Rxd5 22.Qe2 Qc4
23.Qxc4 Rxc4 24.Rxd5 exd5 25.g3 d4 26.cxd4 Rc2 27.b4 Rc3 28.d5 Kf6 29.Kg2 Rxa3
30.Rc1 Rd3 31.Rc6+ Kf5 32.d6 Ke6 33.Rxa6 Rxd6  1/2-1/2

[Event "Villa Martelli"]
[Site "Villa Martelli"]
[Date "1998.05.28"]
[Round "9"]
[White "Rodriguez, Andres URU"]
[Black "Vescovi, Giovanni"]
[Result "1/2-1/2"]
[WhiteElo "2475"]
[BlackElo "2480"]

1.e4 c5 2.Nf3 e6 3.d4 cxd4 4.Nxd4 Nc6 5.Nc3 Qc7 6.Be2 a6 7.Be3 Nf6 8.O-O Bb4
9.Nxc6 bxc6 10.Na4 Be7 11.Nb6 Rb8 12.Nxc8 Qxc8  1/2-1/2

[Event "Hamburg-chI"]
[Site "Hamburg"]
[Date "1998.05.29"]
[Round "1"]
[White "Voigt, Martin"]
[Black "Wilhelmi, Christian"]
[Result "1/2-1/2"]
[WhiteElo "2265"]
[BlackElo "2445"]

1.e4 c5 2.Nf3 Nc6 3.d4 cxd4 4.Nxd4 e6 5.Nc3 Qc7 6.Be3 a6 7.Bd3 Nf6 8.O-O Ne5
9.Be2 b5 10.f4 Nc4 11.Bxc4 Qxc4 12.e5 Nd5 13.Nxd5 Qxd5 14.Nb3 Bb7 15.Qe2 Rc8
16.Rf2 Qc4 17.Qd2 Bd5 18.Qa5 b4 19.Rc1 Be7 20.c3 Qd3 21.Qb6 O-O 22.Qd4 Qxd4
23.Bxd4 bxc3 24.Rxc3 Rxc3 25.bxc3 Rb8 26.Rd2 f5 27.exf6 gxf6 28.Nc5 Rb1+
29.Kf2 Bxc5 30.Bxc5 Kf7 31.a3 Bc6 32.Bb4 Rh1 33.h3 h5 34.Re2 Kg6 35.c4 Rc1
36.c5 Kf5 37.g3 Rh1 38.h4 Kg4 39.Be1 Bb5 40.Re4 Rf1+ 41.Kg2 Rf3 42.f5+ Kxf5
43.Kxf3 Bc6 44.Ke3 Bxe4 45.Ba5 Bc2 46.Bc7 e5 47.Bd8 Ke6 48.Kd2 Ba4 49.Ke3 f5
50.Ba5 Kd5 51.Bc3 Bc6 52.Bb2 a5 53.Bc3 a4 54.Kd3 Bb7 55.Ke3 Ba8 56.Bb2 Bc6
57.Bc3 Kc4 58.Bxe5 Kb3 59.Kd2 Kxa3 60.Kc1 Kb4 61.Bd6 Kc3 62.Kb1 Bd5 63.Ka1 a3
64.Be5+ Kd3 65.Bd6  1/2-1/2

[Event "Garcia mem Masters"]
[Site "Santa Clara"]
[Date "1998.05.30"]
[Round "6"]
[White "Gongora, Maikel"]
[Black "Andonovski, Ljubisa"]
[Result "1-0"]
[WhiteElo "2340"]
[BlackElo "2395"]

1.e4 c5 2.Nf3 Nc6 3.d4 cxd4 4.Nxd4 e6 5.Nc3 Qc7 6.Be2 a6 7.O-O Nf6 8.Be3 Bb4
9.Na4 Be7 10.c4 Nxe4 11.Nxc6 bxc6 12.Qd4 Nf6 13.Nb6 Rb8 14.c5 e5 15.Qd3 O-O
16.Rfd1 Nd5 17.Nxd5 cxd5 18.Qxd5 Rxb2 19.Bc4 Bf6 20.Bb3 Qc6 21.Qxc6 dxc6
22.Rd6 e4 23.Rc1 Bb7 24.Rd7 Ba8 25.g3 a5 26.Rc4  1-0

[Event "Stockholm Elo"]
[Site "Stockholm"]
[Date "1998.06.08"]
[Round "3"]
[White "Couso, Luis"]
[Black "Andersson, Mats"]
[Result "0-1"]
[WhiteElo "2235"]
[BlackElo "2320"]

1.e4 c5 2.Nf3 e6 3.d4 cxd4 4.Nxd4 Nc6 5.Nc3 Qc7 6.Be3 a6 7.Be2 Nf6 8.O-O Be7
9.a4 d6 10.Nb3 b6 11.f4 O-O 12.Bf3 Bb7 13.g4 Rfe8 14.g5 Nd7 15.Bg2 Bf8 16.Kh1 Rac8
17.f5 exf5 18.Nd5 Qb8 19.Rxf5 Ne7 20.Nxe7+ Rxe7 21.Nd2 g6 22.Rf2 Nc5 23.Qg4 Qa8
24.b4 Nd7 25.c4 a5 26.b5 Bg7 27.Raf1 Rf8 28.h4 Qd8 29.h5 Qc7 30.hxg6 hxg6
31.Qh4 Nc5 32.Rf6 Rfe8 33.Bd4 Nxe4 34.Rxg6 fxg6 35.Bxg7 Rxg7 36.Nxe4 Rxe4
37.Bxe4 Rh7  0-1

[Event "Stockholm"]
[Site "Stockholm"]
[Date "1998.06.08"]
[Round "3"]
[White "Berg, Emanuel"]
[Black "Sjoberg, Mats"]
[Result "1-0"]
[WhiteElo "2390"]
[BlackElo "2410"]

1.e4 c5 2.Nf3 e6 3.d4 cxd4 4.Nxd4 Nc6 5.Nc3 Qc7 6.f4 a6 7.Be3 b5 8.e5 Bb7
9.Qd2 Na5 10.O-O-O Bb4 11.Nb3 Ne7 12.Qd4 Bxc3 13.Qxc3 Qxc3 14.bxc3 Nc4 15.Bxc4 bxc4
16.Na5 Bxg2 17.Rhg1 Bd5 18.Kd2 Nf5 19.Bc5 d6 20.exd6 Kd7 21.Rb1 Rhb8 22.a4 Nxd6
23.Bxd6 Rxb1 24.Rxb1 Kxd6 25.Ke3 e5 26.Rb4 exf4+ 27.Kxf4 Rc8 28.Nb7+ Bxb7
29.Rxb7 Rc7 30.Rb6+ Rc6 31.Rb7 Rc7 32.Rb6+ Rc6 33.Rb7 Ke6 34.Ke4 g5 35.Rb8 h5
36.Re8+ Kf6 37.Kd5 Rc7 38.Ra8 g4 39.Rxa6+ Kg5 40.Ra5 h4 41.Kd6+ f5 42.Kxc7 g3
43.hxg3 hxg3 44.Ra8 f4 45.a5 f3 46.a6 f2 47.a7 f1=Q 48.Rg8+ Kh6 49.a8=Q Qf7+
50.Kb6 Kh7 51.Rc8 Qf6+ 52.Kb5 g2 53.Rc7+ Kh6 54.Rc6  1-0

[Event "Stockholm"]
[Site "Stockholm"]
[Date "1998.06.09"]
[Round "4"]
[White "Hartman, Christer"]
[Black "Sjoberg, Mats"]
[Result "1-0"]
[WhiteElo "2345"]
[BlackElo "2410"]

1.e4 c5 2.Nf3 e6 3.d4 cxd4 4.Nxd4 Nc6 5.Nc3 Qc7 6.Be3 a6 7.Bd3 Nf6 8.O-O Nxd4
9.Bxd4 Bc5 10.Bxc5 Qxc5 11.Qd2 b5 12.Rae1 d6 13.Kh1 e5 14.f4 Nd7 15.Nd5 Bb7
16.b4 Qc8 17.Ne3 O-O 18.c4 bxc4 19.Nxc4 Qc7 20.Rc1 Nb6 21.Nxe5 Qe7 22.Nc6 Qe8
23.Na5 Bxe4 24.Bxe4 Qxe4 25.Qxd6 Nd5 26.Rfe1 Qf5 27.Nc6 Kh8 28.Rc5 Rae8 29.Rg1 Qxf4
30.Rxd5 Qc4 31.a4 f5 32.Qc5 Qa2 33.Rxf5 Rxf5 34.Qxf5 Qxa4 35.Rf1 h6 36.Ne5 Qb5
37.Ng6+ Kg8 38.Qxb5 axb5 39.h4 Re4 40.h5 Kh7 41.Rf5 Rxb4 42.Rf8  1-0

[Event "Sigeman & Co"]
[Site "Malmo"]
[Date "1998.06.10"]
[Round "2"]
[White "Hector, Jonny"]
[Black "Miladinovic, Igor"]
[Result "0-1"]
[WhiteElo "2505"]
[BlackElo "2565"]

1.e4 c5 2.Nf3 e6 3.d4 cxd4 4.Nxd4 Nc6 5.Nc3 Qc7 6.Be3 a6 7.Bd3 Nf6 8.O-O h5
9.h3 b5 10.Nb3 Ne5 11.f4 Nc4 12.Bd4 Bb7 13.Qe2 h4 14.a4 Nxb2 15.axb5 Nxd3
16.cxd3 axb5 17.Nxb5 Qd8 18.Qe3 Rxa1 19.Rxa1 Be7 20.Bb6 Qc8 21.Rc1 Bc6 22.Na7 Qa8
23.Na5 O-O 24.N5xc6 dxc6 25.Nxc6 Ba3 26.Rc4 Rc8 27.Ne5 Nh5 28.Rxc8+ Qxc8
29.Nc4 Be7 30.f5 Ng3 31.fxe6 fxe6 32.Bd4 Qb8 33.Nd2 Qb5 34.Qf3 Bc5 35.Bxc5 Qxc5+
36.Qf2 Qc1+ 37.Nf1 e5 38.Qf3 Qe1 39.d4 exd4 40.e5 Qxf1+ 41.Qxf1 Nxf1  0-1

[Event "Stockholm"]
[Site "Stockholm"]
[Date "1998.06.10"]
[Round "5"]
[White "Berg, Emanuel"]
[Black "Hjelm, Niclas"]
[Result "1/2-1/2"]
[WhiteElo "2390"]
[BlackElo "2315"]

1.e4 c5 2.Nf3 Nc6 3.d4 cxd4 4.Nxd4 e6 5.Nc3 Qc7 6.f4 a6 7.Be3 b5 8.Nf3 d6
9.Bd3 Nf6 10.h3 Bb7 11.Qe2 Be7 12.O-O O-O 13.Qf2 Rac8 14.a4 b4 15.Ne2 d5
16.Bb6 Qb8 17.e5 Nd7 18.Be3 f6 19.exf6 Nxf6 20.Ned4 Nxd4 21.Nxd4 Qd6 22.Rad1 g6
23.Nf3 Nh5 24.Ne5 d4 25.Bd2 Qd5 26.Qf3 Qxf3 27.Nxf3 Nxf4 28.Bxf4 Rxf4 29.Rde1 Bd5
30.Ne5 Rxf1+ 31.Rxf1 a5 32.b3 Bd6 33.Nc4 Bc7 34.Nd2 Rf8 35.Rxf8+ Kxf8 36.Ne4 Kf7
37.Kf2 h6 38.Kf3 Ke7 39.Kf2 g5 40.Nd2 Bf4 41.Ne4 Bxe4  1/2-1/2

[Event "Russian Club Cup"]
[Site "Maikop"]
[Date "1998.06.11"]
[Round "9"]
[White "Kupreichik, Viktor D"]
[Black "Tregubov, Pavel V"]
[Result "1/2-1/2"]
[WhiteElo "2505"]
[BlackElo "2560"]

1.e4 c5 2.Nf3 e6 3.d4 cxd4 4.Nxd4 Nc6 5.Nc3 Qc7 6.g3 a6 7.Bg2 d6 8.O-O Bd7
9.Nb3 Nf6 10.a4 Be7 11.a5 Ne5 12.f4 Nc4 13.Qe2 O-O 14.g4 Rfc8 15.g5 Ne8 16.f5 Ne5
17.Bh3 Qc4 18.Qf2 Nc7 19.Bf4 exf5 20.Bxf5 Bxf5 21.exf5 Nd5 22.Nxd5 Qxd5 23.Rad1 Qe4
24.Nd4 Rc4 25.c3 f6 26.Qg3 fxg5 27.Bxg5 Bxg5 28.Qxg5 Qg4+ 29.Qxg4 Nxg4 30.Rf3 Ne5
31.Rg3 g6 32.fxg6 hxg6 33.Nf5 Rf4 34.Ne3 Rd8 35.Rf1 Rdf8 36.b4 Rxf1+ 37.Nxf1 Kf7
38.Kf2 Ke6+ 39.Ke2 Rh8 40.h3 Kf5 41.Ke3 Rh4 42.Nd2 Nc4+ 43.Nxc4 Rxc4 44.Rf3+ Ke6
45.Kd3 Rh4  1/2-1/2

[Event "Russian Club Cup"]
[Site "Maikop"]
[Date "1998.06.12"]
[Round "10"]
[White "Fedorov, Alexei"]
[Black "Fominyh, Alexander"]
[Result "1/2-1/2"]
[WhiteElo "2595"]
[BlackElo "2530"]

1.e4 c5 2.Nf3 Nc6 3.Nc3 e6 4.d4 cxd4 5.Nxd4 Qc7 6.g3 a6 7.Bg2 Nf6 8.Nb3 b5
9.a3 d6 10.O-O Be7 11.g4 h6 12.f4 Nd7 13.Qf3 Nb6 14.Kh1 Bb7 15.Qh3 O-O 16.f5 Bf6
17.Ne2 exf5 18.gxf5 Ne5 19.Nbd4 d5 20.Ng3 dxe4 21.Nxe4 Bxe4 22.Bxe4 Rad8
23.c3 Qe7 24.Rg1 Kh7 25.Rxg7+ Kxg7 26.Bxh6+ Kg8 27.Rg1+ Ng6 28.Bf3 Bxd4 29.fxg6 Bxg1
30.Bxf8 Qe6 31.Qh4 Rd2 32.Qh7+ Kxf8 33.g7+ Ke7 34.g8=Q Rxh2+ 35.Qxh2 Bxh2
36.Kxh2 Qh6+ 37.Kg3 Nc4 38.Qa8 Qd6+ 39.Kf2 Nxb2 40.Qe4+ Kf8 41.Be2 Qf6+ 42.Kg2 Qg5+
43.Kf3 Na4 44.Qb4+ Kg7 45.Qd4+ Kf8 46.c4 bxc4 47.Bxc4 Nc5 48.Qd6+ Kg7 49.Qg3 Qxg3+
50.Kxg3 f5 51.Kf4 Kf6 52.Be2 a5 53.Bf1 Ne6+ 54.Ke3 Ke5 55.Bh3 Nd4 56.Kd3 Kd5
57.Ke3 Kc4 58.a4 Kd5 59.Bg2+ Kc5 60.Bh3 Kc4 61.Bf1+ Kc3 62.Bh3 Ne6 63.Bxf5 Nc5
64.Bg6 Nxa4 65.Be8 Nc5 66.Ke2 a4 67.Bxa4 Nxa4  1/2-1/2

[Event "Tan Chin Nam"]
[Site "Beijing"]
[Date "1998.06.15"]
[Round "8"]
[White "Tong Yuanming"]
[Black "Ye Jiangchuan"]
[Result "1/2-1/2"]
[WhiteElo "2505"]
[BlackElo "2530"]

1.e4 c5 2.Nf3 e6 3.d4 cxd4 4.Nxd4 Nc6 5.Nc3 d6 6.Be3 Nf6 7.f4 e5 8.Nf3 Ng4
9.Qd2 Nxe3 10.Qxe3 exf4 11.Qxf4 Be7 12.Nd5 Be6 13.O-O-O Bxd5 14.exd5 Ne5
15.Bb5+ Kf8 16.Rde1 a6 17.Bd3 Bf6 18.Rhf1 Nxf3 19.Qxf3 Qc7 20.Qe3 Be5 21.Kb1 g6
22.Qh6+ Bg7 23.Qe3 Be5  1/2-1/2

[Event "Bozen op"]
[Site "Bozen"]
[Date "1998.06.16"]
[Round "5"]
[White "Mitkov, Nikola"]
[Black "Horvath, Tamas"]
[Result "0-1"]
[WhiteElo "2500"]
[BlackElo "2385"]

1.e4 c5 2.Nc3 Nc6 3.Nf3 e6 4.d4 cxd4 5.Nxd4 Nf6 6.a3 d6 7.Be3 Be7 8.f4 O-O
9.Bd3 e5 10.Nf5 Bxf5 11.exf5 d5 12.fxe5 d4 13.exf6 Bxf6 14.O-O dxe3 15.Qe1 Re8
16.Kh1 Qd4 17.Rd1 Rad8 18.Rf3 Qe5 19.Ne4 e2 20.Rd2 Nd4 21.Rf2 Bh4 22.g3 Qd5
23.Kg1 Rxe4 24.Bxe4 Qxe4 25.Rdxe2 Nxe2+ 26.Rxe2 Qd5 27.Kf1 Qd7 28.gxh4 Qxf5+
29.Kg1 Qg4+ 30.Kf1 Qd7 31.Re7 Qc6 32.Qe4 Rd1+ 33.Kg2 Rd2+ 34.Kg1 Rd1+ 35.Kf2 Kf8
36.Qb4 Qd6  0-1

[Event "Keres mem op"]
[Site "Tallin"]
[Date "1998.06.16"]
[Round "3"]
[White "Gavrikov, Viktor"]
[Black "Agopov, Mikael"]
[Result "1-0"]
[WhiteElo "2555"]
[BlackElo "2330"]

1.e4 c5 2.Nf3 Nc6 3.d4 cxd4 4.Nxd4 e6 5.Nc3 Qc7 6.g3 a6 7.Bg2 Nf6 8.O-O Be7
9.Re1 d6 10.Nxc6 bxc6 11.e5 dxe5 12.Rxe5 O-O 13.Bf4 Qb7 14.Na4 Rd8 15.Qf3 Nd5
16.Bd2 Bf6 17.Re4 a5 18.Rd1 Nb6 19.Bc3 Rxd1+ 20.Qxd1 Qd7 21.Qxd7 Nxd7 22.Bxf6 Nxf6
23.Rd4 Ba6 24.Nc5 Kf8 25.f4 Ke7 26.c4 Ra7 27.Bf3 Nd7 28.Rxd7+ Rxd7 29.Nxa6 Rd4
30.Nb8  1-0

[Event "Bozen op"]
[Site "Bozen"]
[Date "1998.06.17"]
[Round "6"]
[White "Horvath, Tamas"]
[Black "Borgo, Giulio"]
[Result "0-1"]
[WhiteElo "2385"]
[BlackElo "2430"]

1.e4 c5 2.Nf3 e6 3.d4 cxd4 4.Nxd4 Nc6 5.Nc3 a6 6.Bf4 d6 7.Bg3 Nf6 8.Be2 e5
9.Nb3 Be6 10.O-O Be7 11.f4 exf4 12.Bxf4 O-O 13.Qe1 Ne8 14.Rd1 Bf6 15.Kh1 Rc8
16.Nc5 Qe7 17.N5a4 Qc7 18.Be3 Nb4 19.Rd2 b5 20.Nb6 Rb8 21.a3 Bxc3 22.bxc3 Na2
23.Nd5 Bxd5 24.exd5 Nxc3 25.Bd3 Nxd5 26.Bd4 g6 27.Qh4 f5 28.Re2 Nef6 29.Rfe1 Rbe8
30.h3 Qf7 31.Qg5 Rxe2 32.Rxe2 Nc7 33.Bxf5 Nh5 34.Bd3 Ne6 35.Bc3 Qf1+ 36.Kh2 Qf4+
37.Qxf4 Nhxf4 38.Re4 Nxd3 39.Rxe6 Nc5 40.Rxd6 Ne4 41.Bb4 Nxd6  0-1

[Event "Voronezh op"]
[Site "Voronezh"]
[Date "1998.06.17"]
[Round "6"]
[White "Abashev, Denis"]
[Black "Chernyshov, Konstantin"]
[Result "1-0"]
[WhiteElo "2365"]
[BlackElo "2485"]

1.e4 c5 2.Nf3 Nc6 3.Nc3 e6 4.d4 cxd4 5.Nxd4 a6 6.Be3 Qc7 7.Bd3 Nf6 8.O-O Bd6
9.f4 Bc5 10.Nf5 Ne7 11.Nxg7+ Kf8 12.Bxc5 Qxc5+ 13.Kh1 Kxg7 14.e5 Nfg8 15.Ne4 Qc6
16.Nd6 f5 17.Qh5 Ng6 18.Bxf5 exf5 19.Nxf5+ Kf8 20.Nd6 Nf6 21.Qh6+ Ke7 22.Qg7+ Kd8
23.Qxf6+ Kc7 24.f5 Rg8 25.Rf3 Qd5 26.fxg6  1-0

[Event "Keres mem op"]
[Site "Tallin"]
[Date "1998.06.18"]
[Round "5"]
[White "Peleshev, Leonid"]
[Black "Kiik, Kalle"]
[Result "1/2-1/2"]
[WhiteElo "2320"]
[BlackElo "2445"]

1.e4 c5 2.Nf3 e6 3.d4 cxd4 4.Nxd4 Nc6 5.Nc3 d6 6.Be3 Nf6 7.f4 e5 8.Nf3 Ng4
9.Qd2 Nxe3 10.Qxe3 exf4 11.Qxf4 Be7 12.Nd5 Be6 13.Nxe7 Qxe7 14.a3 O-O 15.O-O-O Rfd8
16.g4 Rac8 17.h4 Qc7 18.Rh2 Ne5 19.Nxe5 dxe5 20.Rxd8+ Rxd8 21.Qf3 Rd4 22.g5 Qd7
23.Bd3 Bg4 24.Qe3 g6 25.Rf2 a5 26.Rd2 Be6 27.c3 Qc7 28.Bb5 Rxd2 29.Kxd2 h6
30.Kc2 hxg5 31.hxg5 Qd8 32.a4 Kg7 33.Qg3 f6 34.Qh2 fxg5 35.Qxe5+ Qf6 36.Qc7+ Kh6
37.Qh2+ Kg7 38.Qc7+  1/2-1/2

[Event "Keres mem op"]
[Site "Tallin"]
[Date "1998.06.20"]
[Round "7"]
[White "Kulaots, Kaido"]
[Black "Fomina, Tatyana"]
[Result "1/2-1/2"]
[WhiteElo "2450"]
[BlackElo "2240"]

1.e4 c5 2.Nf3 e6 3.d4 cxd4 4.Nxd4 Nc6 5.Nc3 Qc7 6.Be2 Nf6 7.O-O Bb4 8.Ndb5 Qb8
9.a3 Be7 10.Be3 O-O 11.f4 a6 12.Nd4 d5 13.e5 Nd7 14.Kh1 Nxd4 15.Bxd4 Bc5
16.Bxc5 Nxc5 17.Qd4 Nd7 18.Rf3 b5 19.Rh3 Qb6 20.Qd3 g6 21.Qg3 f5 22.Rd1 Rf7
23.Qe3 Qxe3 24.Rxe3 Nb6 25.b3 Rc7 26.Rd2 Bd7 27.Bd1 a5 28.Na2 a4 29.b4 Rac8
30.Rf2 Nc4 31.Rc3 d4 32.Rd3 Nb2 33.Rxd4 Nxd1 34.Rxd1 Rxc2 35.Rfd2 R8c7 36.Rxd7 Rxd7
37.Rxd7 Rxa2 38.g3 Rxa3 39.Rb7 Rb3 40.Rxb5 Kf7 41.Rb7+ Ke8 42.b5 Kd8 43.Ra7 a3
44.b6 Kc8 45.Kg2 h6 46.h4 Rb2+ 47.Kf3 Ra2 48.Ke3 Kb8 49.Kf3  1/2-1/2

[Event "Frankfurt Ordix op"]
[Site "Frankfurt"]
[Date "1998.06.21"]
[Round "6"]
[White "Kindermann, Stefan"]
[Black "Epishin, Vladimir"]
[Result "1-0"]
[WhiteElo "2565"]
[BlackElo "2590"]

1.e4 c5 2.Nf3 e6 3.d4 cxd4 4.Nxd4 Nc6 5.Nc3 Qc7 6.Be3 a6 7.Bd3 Nf6 8.O-O Ne5
9.h3 Bc5 10.Kh1 d6 11.f4 Ned7 12.Qf3 b5 13.Bxb5 axb5 14.Ndxb5 Qb8 15.Bxc5 dxc5
16.e5 O-O 17.exf6 Nxf6 18.Qe3 Bd7 19.a4 c4 20.Rad1 Qb7 21.Rf2 Nd5 22.Nxd5 exd5
23.Nc3 Bc6 24.Qd4 h6 25.f5 Rfd8 26.f6 g6 27.Re2 Qxb2 28.Rb1 Qa3 29.Re7 Qd6
30.Rb6 Rac8 31.a5 Re8 32.Nb5 Qd8 33.Na7  1-0

[Event "Szeged TT06 IM"]
[Site "Szeged"]
[Date "1998.06.22"]
[Round "5"]
[White "Resika, Nathan A"]
[Black "Dovzik, Juri"]
[Result "0-1"]
[WhiteElo "2170"]
[BlackElo "2375"]

1.e4 c5 2.Nf3 e6 3.Nc3 Nc6 4.d4 cxd4 5.Nxd4 Qc7 6.g3 a6 7.Bg2 Nf6 8.O-O Nxd4
9.Qxd4 Bc5 10.Bf4 d6 11.Qd2 h6 12.Na4 e5 13.Nxc5 dxc5 14.Be3 Ng4 15.f4 Bd7
16.Kh1 O-O-O 17.Qe2 Nxe3 18.Qxe3 f6 19.Rfd1 Be6 20.Bf3 Rd4 21.c3 Rxd1+ 22.Rxd1 Re8
23.b4 Bxa2 24.Bg4+ Be6 25.Rd5 exf4 26.gxf4 Kb8 27.Bxe6 Rxe6 28.Rxc5 Qd6 29.Kg2 Qd1
30.Kh3 h5 31.Kg2 Rd6 32.Rd5 Rxd5 33.exd5 Qxd5+ 34.Kg3 Qd7 35.h3 g6 36.Qc5 Qd8
37.c4 g5 38.fxg5 fxg5 39.Kg2 Qd2+ 40.Kf3 Qf4+ 41.Ke2 Qc7 42.Qd5 Qe7+ 43.Kd3 g4
44.hxg4 hxg4 45.Qg8+ Ka7 46.c5 Qd7+ 47.Kc4 Qf5 48.Kd4 Qf4+ 49.Kc3 Qe3+ 50.Kc4 Qf4+
51.Kb3 Qe3+ 52.Kc4 g3 53.Qd8 Qe6+ 54.Kc3 g2  0-1

[Event "Copenhagen op"]
[Site "Copenhagen"]
[Date "1998.06.23"]
[Round "3"]
[White "Hector, Jonny"]
[Black "Antonsen, Mikkel"]
[Result "1-0"]
[WhiteElo "2505"]
[BlackElo "2405"]

1.Nc3 c5 2.e4 Nc6 3.Nf3 e6 4.d4 cxd4 5.Nxd4 Nf6 6.Ndb5 d5 7.Bf4 e5 8.Bg5 a6
9.Na3 b5 10.Nxd5 Be7 11.Bxf6 Bxf6 12.c3 O-O 13.Nc2 Bg5 14.a4 bxa4 15.Rxa4 a5
16.Bc4 Rb8 17.Ra2 g6 18.O-O Kh8 19.b4 Bd7 20.Qe2 axb4 21.cxb4 f5 22.Ra6 fxe4
23.Qxe4 Bf5 24.Qe2 Rc8 25.b5 Na5 26.Nce3 Be4 27.Ba2 Nb7 28.f3 Bxd5 29.Nxd5 Rc1
30.Rxc1 Bxc1 31.Rc6 Ba3 32.Rc7 Bc5+ 33.Kh1 Qh4 34.Rxb7 Qd4 35.Qe1 e4 36.Qc3 Ra8
37.Qxd4+ Bxd4 38.fxe4 Rxa2 39.g3 g5 40.h3 h5 41.Rf7 h4 42.gxh4 gxh4 43.b6 Ra3
44.b7 Rxh3+ 45.Kg2 Rg3+ 46.Kh2 Be5 47.Kh1 Rh3+ 48.Kg2 Rg3+ 49.Kf1 Rg8 50.Ne7  1-0

[Event "White Nights op"]
[Site "St Petersburg"]
[Date "1998.06.24"]
[Round "5"]
[White "Shour, Janna"]
[Black "Shirjaeva, Yaroslava"]
[Result "1-0"]
[WhiteElo "2210"]
[BlackElo "2100"]

1.e4 c5 2.Nf3 e6 3.d4 cxd4 4.Nxd4 Nc6 5.Nc3 d6 6.g3 a6 7.Bg2 Qc7 8.O-O Nge7
9.Ndb5 axb5 10.Nxb5 Qd7 11.Nxd6+ Kd8 12.Nxf7+ Ke8 13.Nxh8 Qxd1 14.Rxd1 g6
15.f4 Bg7 16.Nxg6 hxg6 17.e5 Nb4 18.c3 Nxa2 19.Be3 Nf5 20.Bc5 Bf8 21.Bxf8 Kxf8
22.Be4  1-0

[Event "Copenhagen op"]
[Site "Copenhagen"]
[Date "1998.06.26"]
[Round "6"]
[White "Mortensen, Erling"]
[Black "Jakobsen, Ole"]
[Result "0-1"]
[WhiteElo "2510"]
[BlackElo "2345"]

1.e4 c5 2.Nf3 Nc6 3.d4 cxd4 4.Nxd4 e6 5.Nc3 Qc7 6.Be2 a6 7.O-O Nxd4 8.Qxd4 b5
9.Be3 Bb7 10.f4 Rc8 11.Rad1 Nf6 12.Bf3 b4 13.Na4 Be7 14.Nb6 Rd8 15.e5 Bxf3
16.gxf3 Ng8 17.Qc4 Qxc4 18.Nxc4 Nh6 19.Bb6 Rc8 20.b3 Nf5 21.Rd3 Rc6 22.Kh1 d5
23.exd6 Nxd6 24.Nxd6+ Rxd6 25.Ba5 Rxd3 26.cxd3 Kd7 27.Rc1 Bd6 28.Rc4 Rb8
29.Rd4 Rb5 30.Bd8 Rf5 31.Bh4 Rxf4 32.Rxf4 Bxf4 33.Kg2 Kc6 34.h3 Kd5 35.Bf2 Be5
36.Kf1 Bd4 37.Be1 Bc5 38.Bg3 Bd6 39.Bf2 Bf4 40.Ke2 f5 41.Be1 Bd6 42.Bf2 g5
43.Be3 Bf4 44.Bb6 h5 45.Bd8 Kd4 46.Bf6+ e5 47.Bd8 Kc3 48.Ba5 Kb2 49.Kd1 Kxa2
50.Kc2 g4 51.fxg4 fxg4 52.hxg4 h4  0-1

[Event "White Nights"]
[Site "St Petersburg"]
[Date "1998.06.26"]
[Round "7"]
[White "Petrov, Anton"]
[Black "Taimanov, Mark E"]
[Result "1-0"]
[WhiteElo "2360"]
[BlackElo "2490"]

1.e4 c5 2.Nf3 e6 3.d4 cxd4 4.Nxd4 Nc6 5.Nc3 a6 6.Be2 Nge7 7.Nb3 b5 8.Be3 Ng6
9.O-O Be7 10.a4 b4 11.a5 Rb8 12.Na4 d6 13.f4 O-O 14.Bd3 Bf6 15.Qe2 e5 16.Bxa6 exf4
17.Bb6 Qe7 18.Bb5 Bd7 19.Rfd1 Be5 20.a6 f3 21.Qxf3 Bxh2+ 22.Kxh2 Nce5 23.Qg3 Bxb5
24.a7 Ra8 25.Bf2 Bxa4 26.Rxa4 f5 27.exf5 Qd7 28.Rxb4 Qxf5 29.Rd2 h5 30.Nd4 Ng4+
31.Kg1 Qg5 32.Nf3 Qa5 33.Qxd6 Rxa7 34.Bxa7 Qxa7+ 35.Qd4 Qe7 36.Qd5+ Kh8 37.Qxh5+ Nh6
38.Qxg6 Qxb4 39.Qd6 Qxd6 40.Rxd6 Rb8 41.b3 Nf5 42.Rd7 Rc8 43.c4 Ra8 44.b4 Ra4
45.Ng5 g6 46.c5 Rxb4 47.c6  1-0

[Event "Copenhagen op"]
[Site "Copenhagen"]
[Date "1998.06.30"]
[Round "9"]
[White "Brinck Claussen, Bjorn"]
[Black "Petersen, Peter Birk"]
[Result "1/2-1/2"]
[WhiteElo "2345"]
[BlackElo "2195"]

1.e4 c5 2.Nf3 Nc6 3.d4 cxd4 4.Nxd4 e6 5.Nc3 Qc7 6.g3 a6 7.Bg2 d6 8.O-O Bd7
9.Be3 Nf6 10.Qe2 Be7 11.Rad1 O-O 12.f4 Nxd4 13.Bxd4 Bc6 14.g4 Nd7 15.Be3 Rae8
16.g5 f5 17.exf5 Bxg2 18.Qxg2 Rxf5 19.Ne4 Nf8 20.Ng3 Rf7 21.f5 Qc6 22.Qh3 d5
23.fxe6 Rxf1+ 24.Rxf1 Nxe6 25.Qf5 Rf8 26.Qe5 Bc5 27.Rxf8+  1/2-1/2